000 00869nam a2200205Ia 4500
003 GCL
008 140319s9999 xx 000 0 ara d
040 _aGCL /
_cGCL
082 0 4 _a953.2
_bع ى
100 1 _aعبدالرحمن عبدالواحد الشجاع
245 1 0 _aاليمن فى صدر الاسلام من البعثة المحمدية حتى قيام الدولة الاموية /
_cعبدالرحمن عبدالواحد الشجاع
250 _aالاولى
260 _aسوريا :
_bدار الفكر للطباعة والنشر والتزيع ،
_c1987
300 _a456 ص ؛
_c24 سم
490 _a
650 0 4 _aاليمن - تاريخ - العصر الحديث - عصر الائمة
650 0 4 _aاليمن - تاريخ - العصر الاسلامى
650 0 4 _aاليمن - تاريخ - العصر الحديث
942 _2ddc
_cBK
999 _c37764
_d37764